「本」がつく路線上に「本」がつく駅 - Statistics

General Stats
  • This quiz has been taken 53 times
  • The average score is 11 of 46
Answer Stats
頭文字 都道府県 駅名 路線名 % Correct
「も」 福島県 本宮 JR東北本線
57%
「も」 千葉県 本八幡 JR総武本線
48%
「く」 熊本県 熊本 JR鹿児島本線他
43%
「し」 大阪府 島本 JR東海道本線
39%
「に」 奈良県 西田原本 近鉄田原本線
39%
「お」 栃木県 岡本 JR東北本線
35%
「お」 兵庫県 岡本 阪急神戸本線
35%
「さ」 滋賀県 坂本比叡山口 京阪石山坂本線
35%
「せ」 兵庫県 摂津本山 JR東海道本線
35%
「も」 愛知県 本笠寺 名鉄名古屋本線
35%
「か」 熊本県 上熊本 JR鹿児島本線他
33%
「ほ」 広島県 本郷 JR山陽本線
33%
「き」 滋賀県 木ノ本 JR北陸本線
30%
「も」 愛知県 本星崎 名鉄名古屋本線
30%
「に」 熊本県 西熊本 JR鹿児島本線
28%
「も」 愛知県 本宿 名鉄名古屋本線
28%
「や」 兵庫県 山本 阪急宝塚本線
28%
「あ」 富山県 愛本 富山地方鉄道本線
26%
「つ」 大阪府 塚本 JR東海道本線
26%
「に」 福島県 二本松 JR東北本線
24%
「ほ」 愛媛県 本町一丁目 伊予鉄道本町線
24%
「ほ」 愛媛県 本町五丁目 伊予鉄道本町線
24%
「ほ」 愛媛県 本町三丁目 伊予鉄道本町線
24%
「ほ」 愛媛県 本町四丁目 伊予鉄道本町線
24%
「ほ」 愛媛県 本町六丁目 伊予鉄道本町線
24%
「み」 熊本県 南熊本 JR豊肥本線
24%
「う」 秋田県 羽後本荘 JR羽越本線
22%
「く」 和歌山県 串本 JR紀勢本線
22%
「く」 長野県 倉本 JR中央本線
20%
「ほ」 山口県 本由良 JR山陽本線
20%
「は」 広島県 八本松 JR山陽本線
17%
「ま」 千葉県 幕張本郷 JR総武本線
17%
「よ」 埼玉県 与野本町 JR東北本線(埼京線)
17%
「は」 京都府 橋本 京阪京阪本線
15%
「ほ」 長崎県 本川内 JR長崎本線
15%
「も」 山形県 本楯 JR羽越本線
15%
「と」 滋賀県 鳥居本 近江鉄道本線
13%
「ほ」 福岡県 本城 JR筑豊本線
13%
「し」 東京都 新日本橋 JR総武本線
11%
「み」 岐阜県 美乃坂本 JR中央本線
11%
「う」 新潟県 浦本 トキ鉄日本海ひすいライン
9%
「ぜ」 滋賀県 膳所本町 京阪石山坂本線
9%
「も」 北海道 本輪西 JR室蘭本線
9%
「う」 山口県 宇賀本郷 JR山陰本線
2%
「ほ」 熊本県 本妙寺入口 熊本市電上熊本線
2%
「ほ」 広島県 本川町 広島電鉄本線
0%
No matching quizzes found
Score Distribution
Percent of People with Each Score
Percentile by Number Answered
Your Score History
You have not taken this quiz